Temperature and fluid property effects on cavitation in aircraft fuel pumps /

Bibliographic Details
Main Author: Lester, William George Samuel
Format: Book
Language:English
Published: London : H.M. Stationery Off, 1970.
Series:Current papers (Aeronautical Research Council (Great Britain)) ; no. 1128.
Subjects:

MARC

Tag First Indicator Second Indicator Subfields
LEADER 00000cam a2200000 4500
001 in00000093548
005 20150927070154.0
008 710623s1970 enka b 00010 eng
010 |a  78566331  
015 |a B*** 
020 |a 0114703167  |c 8/- 
035 |a (OCoLC)00147745 
035 |9 AAL5395AM 
040 |a DLC  |c DLC  |d TXA  |d UtOrBLW 
049 |a TXAM  |c [434548] 
050 0 0 |a TL507  |b .G77 no. 1128 
082 0 |a 629.13/008 s 
100 1 |a Lester, William George Samuel. 
245 1 0 |a Temperature and fluid property effects on cavitation in aircraft fuel pumps /  |c by W. G. S. Lester. 
264 1 |a London :  |b H.M. Stationery Off,  |c 1970. 
300 |a 20 pages :  |b illustrations ;  |c 30 cm. 
336 |a text  |b txt  |2 rdacontent 
337 |a unmediated  |b n  |2 rdamedia 
338 |a volume  |b nc  |2 rdacarrier 
490 1 |a Aeronautical Research Council. Current papers, no. 1128 
500 |a Cover title. 
504 |a Includes bibliographical references. 
650 0 |a Fuel pumps. 
650 0 |a Cavitation. 
650 0 |a Airplanes  |x Fuel systems. 
830 0 |a Current papers (Aeronautical Research Council (Great Britain)) ;  |v no. 1128. 
999 |a MARS 
999 f f |s 3efe3cb1-131f-3bb6-951c-74bf0f37cbd3  |i e10fdf5d-b90b-3863-b0a0-9bbe0d3e666d  |t 0 
952 f f |p ric  |a Texas A&M University  |b Rellis Campus  |c Joint Library Facility  |d Remote Storage  |t 0  |e TL507 .G77 no. 1128  |h Library of Congress classification  |i unmediated -- volume  |m A14805531605 
998 f f |a TL507 .G77 no. 1128  |t 0  |l Remote Storage